000 01908nam a22002657a 4500
999 _c56748
_d56748
003 Ge_BSU
005 20190421020017.0
008 190416s2001 ge ||||| |||| 00| 0 geo d
020 _a9992804475
041 _ageo
080 _a342.4(479.22) გ-24
100 _aგაული, ვოლფგანგ
_9195
245 _aკონსტიტუციის შემუშავება და მიღება საქართველოში (1993-1995) :
_bსაერთ. იურიდ. დახმარების შედეგები ტრანსფორმ. სახელმწიფოში /
_cვოლფგანგ გაული ; გერმანულიდან თარგმნა: კონსტანტინე კუბლაშვილმა ; ედუარდ შევარდმაძისა და ჰანს-დიტირის გენშერის შესავალი სიტყვებით.
250 _aგერმანული გამოცემის ქართული თარგმანი
264 _aთბილისი,
_c2002.
300 _a455 გვ ;
_c21 სმ.
500 _aდანართები: გვ. 383-434.
504 _aბიბლიოგრ. ტექსტ. შენიშვნ. და გვ. 435-455.
653 _aსაქართველოს კონსტიტუცია
653 _aსამართალი
700 _aკუბლაშვილი, კონსტანტინე
_eმთარგმნელი
_9197
700 _aშევარდმაძე, ედუარდ
_9289
_eშესავალი სიტყვის ავტორი
700 _aგენშერი, ჰანს-დიტირის
_eშესავალი სიტყვის ავტორი
_9290
942 _2udc
_cBK